Movie Soundtracks - Statistics

General Stats
  • This quiz has been taken 51 times
  • The average score is 13 of 42
Answer Stats
Song Movie % Correct
Eye of the Tiger Rocky
90%
My Heart Will Go On Titanic
88%
Stayin' Alive Saturday Night Fever
86%
I Will Always Love You The Bodyguard
81%
Take My Breath Away Top Gun
79%
Under the Sea The Little Mermaid
76%
I Don't Want To Miss a Thing Armageddon
60%
Summer Nights Grease
57%
What a Feeling… Flashdance
55%
I Believe I Can Fly Space Jam
50%
Everything I Do I Do It Robin Hood
48%
When Doves Cry Purple Rain
45%
Unchained Melody The Ghost
40%
Kiss From a Rose Batman Forever
36%
It Must Have Been Love Pretty Woman
33%
The Heat Is On Beverly Hills Cop
29%
Gangsta's Paradise Dangerous Minds
29%
We Don't Need Another Hero Mad Max
29%
Rain Drops Keep Fallin' on My Head Butch Cassidy and Sundance Kid
26%
Independent Woman Charlie's Angels
26%
Can't Fight the Moonlight Coyote Ugly
24%
You Never Can Tell Pulp Fiction
21%
Lovefool Romeo and Juliet
21%
Jai Ho Slumdog Millionaire
21%
Kokomo Cocktail
14%
Little Green Bag Reservoir Dogs
14%
What a Wonderful World Good Morning Vietnam
12%
There You'll Be Pearl Harbor
12%
The Shoop Shoop Song The Mermaids
12%
Blaze of Glory Young Guns II
12%
Goodnight Moon Kill Bill
10%
Beautiful Maria of My Soul Mambo Kings
7%
All For Love Three Musketeers
7%
Have You Really Loved a Woman Don Juan DeMarco
5%
After Dark From Dusk Till Dawn
5%
Somebody To Love The Cable Guy
5%
Shy Guy Bad Boys
2%
Picture of You Mr Bean
2%
If You Could Read My Mind Studio 54
2%
Holding Out For a Hero Footlose
0%
Can't Help Falling in Love Sliver
0%
Nowhere Fast Streets of Fire
0%
No matching quizzes found
Score Distribution
Percent of People with Each Score
Percentile by Number Answered
Your Score History
You have not taken this quiz